[Event "GER-chT School WK GS"]
[Site "Playchess.com INT"]
[Date "2020.06.18"]
[Round "5.3"]
[White "Joachim, Julian"]
[Black "Ahrdorf, Maximilian"]
[Result "1-0"]
[WhiteElo "1450"]
[BlackElo "1675"]
[PlyCount "65"]
[EventDate "2020.06.11"]
[EventType "team-swiss (blitz)"]
[EventRounds "7"]
[EventCountry "GER"]
[SourceTitle "EXT 2021"]
[Source "ChessBase"]
[SourceDate "2020.10.23"]
[SourceVersion "1"]
[SourceVersionDate "2020.10.23"]
[SourceQuality "1"]
[WhiteTeam "Lichtenhagen MV"]
[BlackTeam "Windmuehlen HH"]
[WhiteTeamCountry "GER"]
[BlackTeamCountry "GER"]

1. e4 e5 2. Nf3 Nc6 3. Nc3 Nf6 4. Bc4 Nxe4 5. Nxe4 d5 6. Bb5 dxe4 7. Nxe5 Bd7 8. Bxc6 Bxc6 9. d3 exd3 10. Nxd3 Bxg2 11. Rg1 Qe7+ 12. Be3 Be4 13. Rg4 Bxd3 14. Qxd3 Qe6 15. Rc4 Bd6 16. c3 0-0 17. 0-0-0 b5 18. Rd4 Qxa2 19. Kc2 Qa4+ 20. Rxa4 bxa4 21. Qd2 a3 22. bxa3 Bxa3 23. Qd7 Rab8 24. Rb1 Rxb1 25. Kxb1 Rb8+ 26. Kc2 Rb2+ 27. Kd3 a5 28. Qd8+ Bf8 29. Bc5 h6 30. Qxf8+ Kh7 31. Qxf7 a4 32. Bd4 Rxf2 33. Qxg7# 1-0

[Event "GER-chT School WK GS"]
[Site "Playchess.com INT"]
[Date "2020.06.18"]
[Round "7.2"]
[White "Joachim, Julian"]
[Black "Berbig, Georg"]
[Result "1/2-1/2"]
[WhiteElo "1450"]
[BlackElo "1414"]
[PlyCount "67"]
[EventDate "2020.06.11"]
[EventType "team-swiss (blitz)"]
[EventRounds "7"]
[EventCountry "GER"]
[SourceTitle "EXT 2021"]
[Source "ChessBase"]
[SourceDate "2020.10.23"]
[SourceVersion "1"]
[SourceVersionDate "2020.10.23"]
[SourceQuality "1"]
[WhiteTeam "Lichtenhagen MV"]
[BlackTeam "Weimar Th"]
[WhiteTeamCountry "GER"]
[BlackTeamCountry "GER"]

1. e4 d5 2. Nc3 d4 3. Nb5 a6 4. Na3 e5 5. Bc4 Nf6 6. d3 Bb4+ 7. Kf1 Bg4 8. Nf3 b5 9. Bb3 0-0 10. Bg5 Be7 11. Bd5 c6 12. Bb3 h6 13. Bxf6 Bxf6 14. h3 Bd7 15. c4 b4 16. Nc2 c5 17. a3 Nc6 18. axb4 cxb4 19. Ba4 Ne7 20. Nxb4 a5 21. Nd5 Bxa4 22. Qxa4 Rb8 23. Nxf6+ gxf6 24. Rc1 Rxb2 25. c5 f5 26. Nxe5 fxe4 27. dxe4 f6 28. Nd3 Rd2 29. Nf4 Kh8 30. c6 Qa8 31. Rc5 Qa6+ 32. Kg1 Rc8 33. c7 Rb2 34. Rxa5 1/2-1/2